000 00317nam a2200121Ia 4500
005 20251222144919.0
008 251222s9999||||xx |||||||||||||| ||spa||
082 _a869.56/V31
100 _aVarela Tafur, Ana
245 0 _aVoces desde la Orilla
264 _bUniversidad Nacional de la Amazonía Peruana
942 _cLIB
999 _c22660
_d22660